000 00393nam a2200157Ia 4500
003 Ost
005 20260225132559.0
008 260225s9999||||xx |||||||||||||| ||und||
040 _cfsic
041 _afre
082 _a347.1
100 _aihaddaden zahir
_eAuteur
245 0 _ahistoire de la presse indigene :
245 0 _bdes origines jusqu'en 1930 /
_cihaddaden zahir
942 _cكتاب
999 _c34678
_d34678